000 00550nam a22001817a 4500
999 _c525611
_d525611
003 NUST
005 20190703073854.0
038 _aMr. Zahoor
082 _a620.1
100 _aSalahudin, Zarrar
_916528
245 _aGas Separation using amiono- modified ZIF/ Polymer Based Mixed Matrix Membrance /
_cZarrar Salahuddin
260 _aIslambad :
_bSCME - NUST,
_c2018.
300 _aix, 60 p. : ill. ;
_c30cm.
500 _aHardcover.
650 _aChemical Engineering - MS Thesis
_916130
700 _aDr. Sarah Farrukh
_916145
942 _2ddc
_cTHE